Chasing the winds and dependency syndrome: topical issues on Zambia's political economy (Record no. 78161)

MARC details
000 -LEADER
fixed length control field 01173nam a2200217 a 4500
008 - FIXED-LENGTH DATA ELEMENTS--GENERAL INFORMATION
fixed length control field 120416s1993 ||||||||||||||||| || u
020 ## - INTERNATIONAL STANDARD BOOK NUMBER
International Standard Book Number 9982823000
050 ## - LIBRARY OF CONGRESS CALL NUMBER
Classification number HC 915 Mwa
100 ## - MAIN ENTRY--PERSONAL NAME
Personal name Mwanza, Frederick K
245 10 - TITLE STATEMENT
Title Chasing the winds and dependency syndrome: topical issues on Zambia's political economy
260 ## - PUBLICATION, DISTRIBUTION, ETC.
Place of publication, distribution, etc. Lusaka
Name of publisher, distributor, etc. MKF Management Consultancy Services
Date of publication, distribution, etc. 1993
300 ## - PHYSICAL DESCRIPTION
Extent v, 40p. : ill.
350 ## -
-- 0.00
650 ## - SUBJECT ADDED ENTRY--TOPICAL TERM
Topical term or geographic name entry element ZAMBIA--POLITICS AND GOVERNMENT--1964-
650 ## - SUBJECT ADDED ENTRY--TOPICAL TERM
Topical term or geographic name entry element ZAMBIA--ECONOMIC CONDITIONS--1964
650 #0 - SUBJECT ADDED ENTRY--TOPICAL TERM
Topical term or geographic name entry element ECONOMICS
995 ## -
-- ANNEX COLLECTION (Main Library)
-- 0.00
-- 725862
-- CBU-MAIN LIBRARY (Kitwe)
-- 2
-- 1500.00
-- HC 915 Mwa
-- 2
-- AVAILABLE
-- 019021
-- Annex Low-Usage Collection
995 ## -
-- SPECIAL COLLECTIONS
-- 0.00
-- 725859
-- CBU-MAIN LIBRARY (Kitwe)
-- 2
-- 15000.00
-- ZAM HC 915 Mwa
-- 2
-- AVAILABLE
-- 018669
-- Zambiana Collection
995 ## -
-- SPECIAL COLLECTIONS
-- 0.00
-- 725860
-- CBU-MAIN LIBRARY (Kitwe)
-- 1
-- 15000.00
-- ZAM HC 915 Mwa
-- 1
-- AVAILABLE
-- 018668
-- Zambiana Collection
995 ## -
-- ANNEX COLLECTION (Main Library)
-- 0.00
-- 725861
-- CBU-MAIN LIBRARY (Kitwe)
-- 1
-- 1500.00
-- HC 915 Mwa
-- 1
-- AVAILABLE
-- 003198
-- Annex Low-Usage Collection
999 ## -
-- 78161
-- 78161
Holdings
Withdrawn status Lost status Source of classification or shelving scheme Damaged status Not for loan Permanent Location Current Location Shelving location Date acquired Total Checkouts Full call number Barcode Date last seen Copy number Price effective from Koha item type
          CBU-MAIN LIBRARY, KITWE. CBU-MAIN LIBRARY, KITWE.   05/03/2023   HC 915 Mwa 019021 05/03/2023 1 05/03/2023 MONOGRAPH
          CBU-MAIN LIBRARY, KITWE. CBU-MAIN LIBRARY, KITWE.   05/03/2023   HC 915 Mwa 018669 05/03/2023 2 05/03/2023 SPECIAL COLLECTION
          CBU-MAIN LIBRARY, KITWE. CBU-MAIN LIBRARY, KITWE.   05/03/2023   HC 915 Mwa 018668 05/03/2023 3 05/03/2023 SPECIAL COLLECTION
          CBU-MAIN LIBRARY, KITWE. CBU-MAIN LIBRARY, KITWE.   05/03/2023   HC 915 Mwa 003198 05/03/2023 4 05/03/2023 MONOGRAPH